Bien hecho en América : (Registro nro. 5694)
[ vista simple ]
| 000 -CABECERA | |
|---|---|
| campo de control de longitud fija | 00896nam a22002297a 4500 |
| 003 - IDENTIFICADOR DEL NÚMERO DE CONTROL | |
| campo de control | DO-SdBJH |
| 005 - FECHA Y HORA DE LA ÚLTIMA TRANSACCIÓN | |
| campo de control | 20200122144804.0 |
| 008 - DATOS DE LONGITUD FIJA--INFORMACIÓN GENERAL | |
| campo de control de longitud fija | 200122b ||||| |||| 00| 0 spa d |
| 020 ## - NÚMERO INTERNACIONAL ESTÁNDAR DEL LIBRO | |
| Número Internacional Estándar del Libro | 9684228422 |
| 040 ## - FUENTE DE LA CATALOGACIÓN | |
| Centro catalogador/agencia de origen | DO-SdBJH |
| Lengua de catalogación | spa |
| Centro/agencia transcriptor | DO-SdBJH |
| 082 04 - NÚMERO DE LA CLASIFICACIÓN DECIMAL DEWEY | |
| Número de clasificación | 658.00973 |
| Número de documento/Ítem | R34b |
| 100 01 - ENTRADA PRINCIPAL--NOMBRE DE PERSONA | |
| Autor Personal | Reid, Peter C |
| 245 10 - MENCIÓN DE TÍTULO | |
| Título | Bien hecho en América : |
| Resto del título | $aBien hecho en América : $blecciones de Harley-Davidson para sobrevivir ante la competencia internacional / |
| Mención de responsabilidad, etc. | Peter C. Reid ; traducción de Roberto A. Haas. |
| 260 ## - PUBLICACIÓN, DISTRIBUCIÓN, ETC. | |
| Lugar de publicación, distribución, etc. | México : |
| Nombre del editor, distribuidor, etc. | McGraw-Hill Interamericana de México, |
| Fecha de publicación, distribución, etc. | 1991. |
| 300 ## - DESCRIPCIÓN FÍSICA | |
| Extensión | xvi, 295 p. : |
| Otras características físicas | il., retr., fotos ; |
| Dimensiones | 21 cm. |
| 504 ## - NOTA DE BIBLIOGRAFÍA, ETC. | |
| Nota de bibliografía, etc. | Incluye bibliografía e índice. |
| 650 ## - PUNTO DE ACCESO ADICIONAL DE MATERIA--TÉRMINO DE MATERIA | |
| Término de materia o nombre geográfico como elemento de entrada | Competencia económica. |
| Subdivisión de forma | Empresas |
| Subdivisión general | Estados Unidos |
| 650 ## - PUNTO DE ACCESO ADICIONAL DE MATERIA--TÉRMINO DE MATERIA | |
| Subdivisión de forma | Estudio de casos . |
| Subdivisión general | Motocicletas |
| 650 ## - PUNTO DE ACCESO ADICIONAL DE MATERIA--TÉRMINO DE MATERIA | |
| Subdivisión general | Industria |
| Subdivisión geográfica | Estados Unidos. |
| 700 ## - PUNTO DE ACCESO ADICIONAL--NOMBRE DE PERSONA | |
| Autor secundario (Nombre de persona) | Haas, Roberto A. |
| Fechas asociadas al coautor | traductor |
| 942 ## - ELEMENTOS DE PUNTO DE ACCESO ADICIONAL (KOHA) | |
| Fuente del sistema de clasificación o colocación | Dewey Decimal Classification |
| Tipo de ítem Koha | Libros |
| Estado de retiro | Estado de pérdida | Fuente del sistema de clasificación o colocación | Estado dañado | No para préstamo | Código de colección | Localización permanente | Ubicación/localización actual | Ubicación en estantería | Fecha de adquisición | Número de inventario | Total de préstamos | Signatura topográfica completa | Código de barras | Fecha visto por última vez | Número de copia | Precio válido a partir de | Tipo de ítem Koha |
|---|---|---|---|---|---|---|---|---|---|---|---|---|---|---|---|---|---|
| Dewey Decimal Classification | Colección General | SIBM UNADE - Biblioteca Academia Naval. Vicealmirante César De Windt Lavandier, ARD | SIBM UNADE - Biblioteca Academia Naval. Vicealmirante César De Windt Lavandier, ARD | En estantería | 01/22/2020 | 00229 | 658.00973 bR34b | 658.00973 $bR34b | 01/22/2020 | Ej1 | 01/22/2020 | Libros |
